000 00637nam a2200277Ia 4500
005 20260324130735.0
008 008 260324s9999 xx 000 0 eng d
020 _a9781315703121
037 _aEBOOK
040 _aCRL
040 _beng
040 _cCRL
041 _2eng
041 _aeng
084 _qCRL
100 _aKevin J. Cooney
_91182918
245 0 _aJapan's Foreign Policy Since 1945
260 _bTaylor and Francis
260 _c2007
365 _a
365 _b290
856 _uhttp://www.taylorfrancis.com/books/9781315703121
942 _cEBOOK
999 _c1779352
_d1779352